000 01031nam a2200313 a 4500
001
003 DO-SdBPM
005 20250203092802.0
008 110412s2004 mx c 000 0 spa d
020 _a9681665236
040 _aDO-SdBPM
_bspa
_cBPMSU
082 _a337
_bF731u 2004
_222
100 1 _aForrester, Vivianne
_d1925-2013
245 1 0 _aUna extraña dictadura /
_cViviane Forrester ; traducción de Daniel Zadunaisky.
_b
260 _aMéxico :
_bFondo de Cultura Económica,
_c2004
300 _a309 p. :
_bretr. ;
_c24 cm.
490 0 _aSección de obras de sociología
500 _aIncluye datos biográficos del autor en la contracubierta
504 _aBibliografía : p.305-309
590 _aInventariado, 2025/VM
_6
650 4 _aCapitalismo
_z
650 4 _aEconomía internacional
650 4 _aGlobalización
650 4 _aNeoliberalismo
700 1 _aZadunaisky, Daniel,
_etraductor
710 2 _aFondo de Cultura Económica,
910 _aVMateo V. Control de calidad. BPMSU
942 _2ddc
_cBK
999 _c14926
_d14926